[Event "Hampstead U2200 June 2013"]
[Site "Hampstead, UK"]
[Date "2013.06.29"]
[Round "1"]
[White "Ruperez, Miguel Angel"]
[Black "Richards, John"]
[Result "1-0"]
[WhiteElo "2187"]
[BlackElo "1813"]
[EventRounds "5"]

1. d4 Nf6 2. c4 e6 3. g3 d5 4. Bg2 Bb4+ 5. Bd2 Bxd2+ 6. Nxd2 c6 7. Ngf3 Nbd7
8. O-O O-O 9. Qc2 Re8 10. e4 dxe4 11. Nxe4 Nxe4 12. Qxe4 Nf6 13. Qc2 Bd7 14.
Rfd1 Rc8 15. Ne5 Re7 16. Rac1 Be8 17. a3 a6 18. c5 Nd5 19. Nc4 Qc7 20. Re1 Rd8
21. Nd6 Nf6 22. f4 Red7 23. Bf3 b6 24. Qe2 b5 25. Qg2 Nd5 26. f5 Rxd6 27. cxd6
Rxd6 28. Bxd5 Rxd5 29. Qxd5 {#r} 1-0

[Event "Hampstead U2200 June 2013"]
[Site "Hampstead, UK"]
[Date "2013.06.29"]
[Round "1"]
[White "Sharkey, Brian"]
[Black "Williamson, Roger"]
[Result "0-1"]
[WhiteElo "1810"]
[BlackElo "2149"]
[EventRounds "5"]

1. d4 Nf6 2. c4 c5 3. d5 e6 4. Nc3 exd5 5. cxd5 d6 6. e4 g6 7. Bg5 Bg7 8. h3
h6 9. Bh4 a6 10. a4 O-O 11. Bd3 Re8 12. f4 Nxe4 13. Nxe4 Qxh4+ 14. g3 Qxg3+
15. Kd2 Qxf4+ 16. Kc2 Rxe4 17. Ne2 Rc4+ 18. Bxc4 Qxc4+ 19. Nc3 Bf5+ 20. Kd2
Qf4+ 21. Ke2 Nd7 {#R} 0-1

[Event "Hampstead U2200 June 2013"]
[Site "Hampstead, UK"]
[Date "2013.06.29"]
[Round "1"]
[White "Perez Carballo, Manuel"]
[Black "Parry, Jacques"]
[Result "1-0"]
[WhiteElo "2143"]
[BlackElo "1762"]
[EventRounds "5"]

1. e4 c5 2. d4 cxd4 3. Nf3 a6 4. Nxd4 e5 5. Ne2 Nf6 6. Nbc3 Bc5 7. Ng3 d6 8.
Be2 Be6 9. Nh5 Nxh5 10. Bxh5 O-O 11. O-O Nc6 12. Bf3 Ne7 13. Qe2 Bd4 14. Nd5
Bxd5 15. exd5 Qa5 16. c3 Ba7 17. Qd2 f5 18. Bd1 Kh8 19. Bb3 Rae8 20. Kh1 Ng6
21. Qg5 Qb5 22. Bd2 Ne7 23. c4 Qd7 24. Bc3 Ng6 25. Qh5 Nf4 26. Qd1 Qe7 27. g3
Ng6 28. Qd2 Rf7 29. Rae1 Qf8 30. f4 e4 31. Bd1 e3 32. Qd3 Qe7 33. Bh5 Qe4+ 34.
Qxe4 Rxe4 35. b3 Rfe7 36. Re2 Nf8 37. Bf3 Nd7 38. Bxe4 Rxe4 39. Bb4 {#r} 1-0

[Event "Hampstead U2200 June 2013"]
[Site "Hampstead, UK"]
[Date "2013.06.29"]
[Round "1"]
[White "Liang, Jake Z"]
[Black "Atako, Chino"]
[Result "0-1"]
[WhiteElo "1754"]
[BlackElo "2090"]
[EventRounds "5"]

1. d4 f5 2. Nf3 Nf6 3. g3 g6 4. Bg2 Bg7 5. c4 O-O 6. O-O d6 7. Nc3 Nc6 8. Re1
e5 9. d5 Ne7 10. e4 h6 11. Qe2 g5 12. exf5 Nxf5 13. Ne4 Nxe4 14. Qxe4 Qf6 15.
b3 g4 16. Nd2 Nd4 17. Rf1 Bf5 18. Qe3 Nc2 19. Qc3 Nxa1 20. Qxa1 Bd3 21. Ne4
Qf5 22. Re1 Bxe4 23. Rxe4 Qxf2+ 24. Kh1 Qc2 25. Be3 Rf3 {#R} 0-1

[Event "Hampstead U2200 June 2013"]
[Site "Hampstead, UK"]
[Date "2013.06.29"]
[Round "1"]
[White "Ronka, Erik"]
[Black "Kalavannan, Koby"]
[Result "1-0"]
[WhiteElo "2117"]
[BlackElo "1749"]
[EventRounds "5"]

1. d4 Nf6 2. c4 g6 3. Nc3 Bg7 4. e4 d6 5. f3 O-O 6. Be3 e5 7. Nge2 c6 8. Qd2
Qc7 9. d5 Rd8 10. g4 Nbd7 11. Ng3 a6 12. h4 c5 13. h5 Rb8 14. Bh6 Nf8 15. Bxg7
Kxg7 16. Bd3 Qe7 17. O-O-O Bd7 18. Rdg1 b5 19. Nf5+ Bxf5 20. exf5 bxc4 21. Bb1
Ng8 22. Ne4 Rb4 23. hxg6 fxg6 24. g5 Qc7 25. f6+ Kh8 26. Qc3 Rdb8 27. Rg2 R8b6
28. f4 Qb7 29. Rd2 Qb8 30. fxe5 dxe5 31. d6 Qe8 32. d7 Nxd7 33. Rxh7+ Kxh7 34.
Qh3+ Nh6 35. Qxh6+ Kg8 36. Qg7# 1-0

[Event "Hampstead U2200 June 2013"]
[Site "Hampstead, UK"]
[Date "2013.06.29"]
[Round "1"]
[White "Mitchell, Bob"]
[Black "McDougall, William M"]
[Result "0-1"]
[WhiteElo "1707"]
[BlackElo "2098"]
[EventRounds "5"]

1. d4 Nf6 2. Nf3 g6 3. c4 Bg7 4. Nc3 d5 5. Bg5 Ne4 6. h4 Nxg5 7. hxg5 dxc4 8.
Qa4+ Nc6 9. e3 O-O 10. Bxc4 a6 11. Bd3 Bd7 12. Qc2 Nb4 13. Qe2 Nxd3+ 14. Qxd3
Rc8 15. O-O Bg4 16. Nh2 Be6 17. Rfd1 f6 18. d5 Bf7 19. gxf6 exf6 20. Nf3 f5
21. Rd2 Qe7 22. Re1 Rcd8 23. Qc2 Bxc3 24. Qxc3 Rxd5 25. Rxd5 Bxd5 26. Qe5 Qxe5
27. Nxe5 Bxa2 28. Rc1 c6 29. Nd7 Rf7 30. Rd1 Bd5 31. Nc5 a5 32. Rd4 Kg7 33. b4
axb4 34. Rxb4 b5 35. f3 Kf6 36. Kf2 Ra7 37. Kg3 Ke5 38. f4+ Kd6 39. Nd3 Ra2
40. Ne1 Re2 {#R} 0-1

[Event "Hampstead U2200 June 2013"]
[Site "Hampstead, UK"]
[Date "2013.06.29"]
[Round "1"]
[White "Warman, Simon M"]
[Black "Brozel, Sacha"]
[Result "1-0"]
[WhiteElo "2093"]
[BlackElo "1706"]
[EventRounds "5"]

1. e4 c5 2. f4 e6 3. Nf3 Ne7 4. Nc3 g6 5. d4 b6 6. Be3 d6 7. Bb5+ Bd7 8. dxc5
dxc5 9. Ne5 Nbc6 10. Nc4 Nc8 11. e5 Be7 12. Qf3 Qc7 13. O-O-O O-O 14. Rxd7
Qxd7 15. Bxc6 Qc7 16. Nb5 Qb8 17. Bxa8 a6 18. Nbd6 Nxd6 19. exd6 Bf6 20. Bc6
b5 21. Ne5 Qxd6 22. Rd1 Qe7 23. Rd7 Qe8 24. Bxc5 Qc8 25. Bxf8 Qxf8 26. Rxf7
Qb4 27. Rxf6 Qe1+ 28. Qd1 Qe3+ 29. Kb1 Kg7 30. Rf7+ Kh6 31. Ng4+ Kh5 32. Nxe3+
Kh6 33. Qd8 e5 34. Qg5# 1-0

[Event "Hampstead U2200 June 2013"]
[Site "Hampstead, UK"]
[Date "2013.06.29"]
[Round "1"]
[White "Miu, Marinel"]
[Black "Doci, Stefan"]
[Result "0-1"]
[WhiteElo "1700"]
[BlackElo "2059"]
[EventRounds "5"]

1. d4 Nf6 2. e3 d5 3. Bd3 Bg4 4. Ne2 e6 5. c3 c5 6. O-O Bd6 7. f4 O-O 8. Qe1
Bf5 9. Bxf5 exf5 10. Ng3 g6 11. Nd2 Re8 12. Nf3 cxd4 13. Nxd4 Nc6 14. Qf2 Na5
15. b3 Rc8 16. Bd2 a6 17. Qf3 Nc6 18. Rfb1 b5 19. b4 Nxd4 20. exd4 Ne4 21.
Nxe4 Rxe4 22. a4 Qc7 23. axb5 axb5 24. Qd3 Bxf4 25. Bxf4 Qxf4 26. Qxb5 Rxc3
27. Qxd5 Rc2 28. Rf1 Qd2 {#R} 0-1

[Event "Hampstead U2200 June 2013"]
[Site "Hampstead, UK"]
[Date "2013.06.29"]
[Round "1"]
[White "Dickson, George"]
[Black "Burgoyne, Peter"]
[Result "1-0"]
[WhiteElo "2054"]
[BlackElo "1689"]
[EventRounds "5"]

1. e4 c5 2. b3 Nc6 3. Nc3 d6 4. Bb2 Nf6 5. Nf3 a6 6. a4 Bg4 7. h3 Bh5 8. Be2
e6 9. O-O Be7 10. e5 Nxe5 11. Nxe5 Bxe2 12. Nxe2 dxe5 13. Bxe5 O-O 14. a5 Qd5
15. d4 cxd4 16. Qxd4 Qxd4 17. Bxd4 Nd5 18. c4 Nb4 19. Bb6 Bd8 20. Bc5 Nc2 21.
Ra2 {#r} 1-0

[Event "Hampstead U2200 June 2013"]
[Site "Hampstead, UK"]
[Date "2013.06.29"]
[Round "1"]
[White "Ngulube, Michael"]
[Black "Duncan, Patrick CM"]
[Result "0-1"]
[WhiteElo "1685"]
[BlackElo "2048"]
[EventRounds "5"]

1. d4 Nf6 2. c4 e6 3. Nf3 Bb4+ 4. Bd2 Qe7 5. g3 Nc6 6. Bg2 Bxd2+ 7. Qxd2 Ne4
8. Qc2 Qb4+ 9. Nc3 Nxc3 10. Qxc3 Qxc3+ 11. bxc3 d6 12. O-O Rb8 13. Rfb1 Na5
14. Nd2 Ke7 15. Rb5 b6 16. Rab1 Ba6 17. Rg5 Nxc4 18. Nb3 g6 19. e4 f5 20. exf5
exf5 21. g4 Kf6 22. h4 h6 23. Rxg6+ Kxg6 24. gxf5+ Kxf5 25. Bd5 Rbe8 26. f3
Re2 27. a4 Rhe8 28. Be4+ Kf6 29. h5 Rg8+ 30. Bg6 Nd2 31. Nxd2 Rxd2 32. a5 Bd3
33. Ra1 Bxg6 34. hxg6 Rxg6+ 35. Kf1 Rh2 {#R} 0-1

[Event "Hampstead U2200 June 2013"]
[Site "Hampstead, UK"]
[Date "2013.06.29"]
[Round "1"]
[White "Hall, Anthony"]
[Black "Haddock, Paul"]
[Result "1/2-1/2"]
[WhiteElo "2037"]
[BlackElo "1684"]
[EventRounds "5"]

1. e4 e5 2. Nf3 Nc6 3. d4 exd4 4. Bc4 Nf6 5. O-O Be7 6. Nxd4 O-O 7. Nc3 d6 8.
Bf4 Ne5 9. Bb3 a6 10. a4 Bg4 11. f3 Bh5 12. Qd2 Bg6 13. Rad1 Rc8 14. Qe2 Qe8
15. Rfe1 c5 16. Nf5 c4 17. Ba2 b5 18. axb5 Bxf5 19. exf5 axb5 20. Bxe5 dxe5
21. Qxe5 Bc5+ 22. Kf1 Qc6 23. Ne4 Nxe4 24. fxe4 Rfe8 25. Qf4 Rcd8 26. Rxd8
Rxd8 27. c3 Ba7 28. g3 Qc5 29. Kg2 Bb8 30. Qf2 Qe7 31. Bb1 Ba7 32. Qe2 Rd7 33.
Rd1 h6 34. Rxd7 Qxd7 35. Bc2 Qe7 36. e5 Qc5 37. Kh3 Qd5 38. Qe4 Qxe4 39. Bxe4
Be3 40. Bc6 Bc1 41. Bxb5 Bxb2 42. Bxc4 Kf8 43. Kg4 Ke7 44. Kf4 Bxc3 45. g4 Bb2
46. h3 Bc3 47. Ke4 Bb2 48. h4 Bc3 49. g5 hxg5 50. hxg5 Bb2 51. f6+ gxf6 52.
gxf6+ Kf8 53. Kd5 Bc3 54. Kd6 Bd4 55. Bxf7 Bxe5+ 56. Kxe5 Kxf7 57. Kf5 Kf8 58.
Ke6 {#d} 1/2-1/2

[Event "Hampstead U2200 June 2013"]
[Site "Hampstead, UK"]
[Date "2013.06.29"]
[Round "1"]
[White "Torrance, John"]
[Black "du Buf, Paul"]
[Result "0-1"]
[WhiteElo "1650"]
[BlackElo "2034"]
[EventRounds "5"]

1. f4 Nf6 2. Nf3 e6 3. e3 d5 4. Be2 c5 5. O-O Nc6 6. d3 Be7 7. c3 O-O 8. Nbd2
b5 9. Qe1 Ng4 10. Bd1 d4 11. Ne5 Ncxe5 12. fxe5 Nxe3 13. Rf3 Qd5 14. Ne4 Nxd1
15. Qxd1 Qxe5 16. Bf4 Qh5 17. Qe1 Bb7 18. Rh3 Qg4 19. Bh6 Bd6 20. Bd2 Bxe4 21.
dxe4 Bf4 22. Bxf4 Qxf4 23. Rf3 Qe5 24. cxd4 Qxd4+ 25. Kh1 Rad8 26. Rf2 h6 27.
Rc1 c4 28. h3 Qe5 29. Qe3 Rd3 30. Qxa7 Qxe4 31. Qc7 Rxh3+ 32. Kg1 Re3 33. Rcf1
Re1 34. Qd6 Rxf1+ 35. Rxf1 Qd5 36. Qf4 e5 37. Qf5 Qd4+ 38. Kh1 Qxb2 39. Rf2
Qc1+ 40. Kh2 Qg5 41. Qe4 Rd8 42. Rf5 Rd4 43. Qxe5 Qh4+ 44. Kg1 Rd1+ 45. Rf1
Rxf1+ 46. Kxf1 Qf6+ 47. Qxf6 gxf6 {#R} 0-1

[Event "Hampstead U2200 June 2013"]
[Site "Hampstead, UK"]
[Date "2013.06.29"]
[Round "1"]
[White "Bedi, Adam"]
[Black "Horlock, Peter J"]
[Result "1/2-1/2"]
[WhiteElo "2026"]
[BlackElo "1657"]
[EventRounds "5"]

1. d4 Nf6 2. c4 e6 3. g3 d5 4. Bg2 Nbd7 5. Nf3 c6 6. Qc2 dxc4 7. Qxc4 Nb6 8.
Qd3 Be7 9. O-O O-O 10. Nc3 Nbd5 11. Rd1 b5 12. e4 Nxc3 13. bxc3 Bb7 14. a4 Qa5
15. Bd2 b4 16. c4 c5 17. d5 exd5 18. exd5 Rad8 19. Bf4 Nh5 20. Be5 f6 21. Bb2
Qc7 22. Rd2 Bd6 23. Re1 Bc8 24. Nh4 Qf7 25. Be4 f5 26. Bg2 Be7 27. Nf3 Bd6 28.
Ng5 Qg6 29. Ne6 Bxe6 30. Rxe6 Qf7 31. Rde2 g6 32. Be5 Bxe5 33. R6xe5 Qd7 34.
Re7 Qxa4 35. Qe3 Qa1+ 36. Re1 Qf6 37. Qxc5 Qc3 38. d6 b3 39. Bd5+ Kh8 40. Qxa7
Nf6 41. R7e3 Qc2 42. R3e2 Qc3 43. Qe7 b2 44. Qe5 Qxe5 45. Rxe5 Rxd6 46. Rb1
Nxd5 {#d} 1/2-1/2

[Event "Hampstead U2200 June 2013"]
[Site "Hampstead, UK"]
[Date "2013.06.29"]
[Round "1"]
[White "Klingher, Dominic"]
[Black "Psaila, Clarence"]
[Result "1/2-1/2"]
[WhiteElo "1642"]
[BlackElo "2016"]
[EventRounds "5"]

1. Nf3 e6 2. g3 f5 3. d3 d6 4. Bg2 Nf6 5. c4 Be7 6. Ng5 O-O 7. Nc3 c6 8. b4 d5
9. Qb3 Qe8 10. b5 Qh5 11. cxd5 cxd5 12. a4 h6 13. Nf3 Nbd7 14. a5 Nc5 15. Qc2
Bd7 16. Ne5 Rac8 17. Qd1 Ng4 18. Nxg4 fxg4 19. O-O Bf6 20. d4 Be8 21. Ba3 Rf7
22. Bxc5 Rxc5 23. dxc5 Bxc3 24. Rc1 {#d} 1/2-1/2

[Event "Hampstead U2200 June 2013"]
[Site "Hampstead, UK"]
[Date "2013.06.29"]
[Round "1"]
[White "Millward, David J"]
[Black "Zhou, Yang Jian"]
[Result "0-1"]
[WhiteElo "1998"]
[BlackElo "1667"]
[EventRounds "5"]

1. e4 c5 2. Nc3 g6 3. f4 Bg7 4. Nf3 Nc6 5. g3 Nf6 6. Bg2 O-O 7. d3 d5 8. e5
Ne8 9. O-O f6 10. Qe2 Bg4 11. exf6 exf6 12. Qf2 b6 13. h3 Be6 14. Re1 Nc7 15.
a3 Qd7 16. Kh2 Rae8 17. Bd2 Bf7 18. Rxe8 Rxe8 19. Re1 Re6 20. Nd1 Qe7 21. c3
Rxe1 22. Nxe1 f5 23. Nf3 h6 24. Nh4 Na5 25. Qe3 Kf8 26. Bf3 Nb3 27. Qxe7+ Kxe7
28. Be1 Kf6 29. Nf2 g5 30. Ng2 a5 31. Bd1 c4 32. Bc2 b5 33. Nd1 Na1 34. Bb1
Nb3 35. Kg1 d4 36. Kf1 Nd5 37. Ke2 Bh5+ 38. g4 fxg4 39. fxg5+ hxg5 {#R} 0-1

[Event "Hampstead U2200 June 2013"]
[Site "Hampstead, UK"]
[Date "2013.06.29"]
[Round "1"]
[White "Ritchie, Paul"]
[Black "Rahman, K Azizur"]
[Result "0-1"]
[WhiteElo "1586"]
[BlackElo "1986"]
[EventRounds "5"]

1. d4 Nf6 2. c4 g6 3. Nc3 Bg7 4. e4 d6 5. Be2 O-O 6. Bg5 Nc6 7. h3 h6 8. Be3
e5 9. d5 Ne7 10. Nf3 Nh5 11. Qd2 Kh7 12. Nh2 Nf4 13. Bxf4 exf4 14. Qxf4 f5 15.
Qd2 fxe4 16. Nxe4 Nf5 17. Nf3 Qe7 18. Bd3 Bd7 19. O-O Nh4 20. Nxh4 Qxh4 21.
Rab1 Rae8 22. Ng3 Bd4 23. Kh2 Be5 24. Kg1 b6 25. Rbe1 Qd4 26. Re2 Kg7 27. Kh1
Bxg3 28. Rxe8 Bxe8 29. Qe2 Be5 30. b3 Qf4 31. g3 Qf3+ 32. Qxf3 Rxf3 33. Be4
Rf8 34. Kg2 Bd7 35. f4 Bf6 36. Rf3 Re8 37. Bd3 Re1 38. a4 Rd1 39. Re3 Rd2+ 40.
Be2 Kf7 41. Kf3 Bd4 42. Rd3 Rxd3+ 43. Bxd3 Bf5 44. Bxf5 gxf5 45. g4 Kg6 46. b4
Bb2 47. b5 Bc1 48. Kg3 h5 49. gxf5+ Kxf5 50. Kh4 Bxf4 51. Kxh5 Be3 {#R} 0-1

[Event "Hampstead U2200 June 2013"]
[Site "Hampstead, UK"]
[Date "2013.06.29"]
[Round "1"]
[White "Hayward, Alan"]
[Black "Winter, Malcolm J"]
[Result "1-0"]
[WhiteElo "1954"]
[BlackElo "1553"]
[EventRounds "5"]

1. d4 Nf6 2. Nc3 d5 3. Bg5 h6 4. Bh4 e6 5. e4 Be7 6. e5 Nfd7 7. Bxe7 Qxe7 8.
Nf3 a6 9. Be2 O-O 10. O-O c5 11. a4 Nc6 12. Re1 cxd4 13. Nxd4 Ndxe5 14. Nxc6
Nxc6 15. Bf3 Qf6 16. a5 Rd8 17. Qd2 Qd4 18. Qc1 Qb4 19. Ra4 Qc5 20. Rg4 Kh8
21. Rg3 Bd7 22. Qf4 Qf8 23. Bh5 e5 24. Qxf7 Qxf7 25. Bxf7 d4 26. Nd5 Bf5 27.
Nb6 Rab8 28. Bb3 Re8 29. Nc4 Rbd8 30. Ba4 Re7 31. Rf3 g6 32. g4 Bxg4 33. Rf6
Re6 34. Rxe6 Bxe6 35. Bxc6 bxc6 36. Nxe5 Bd5 37. Nxg6+ Kg7 38. Nf4 Kf6 39. Rd1
Rg8+ 40. Kf1 Bc4+ 41. Ke1 Rg1+ 42. Kd2 Rxd1+ 43. Kxd1 Kf5 44. Nd3 h5 45. Kd2
h4 46. b3 Bxd3 47. Kxd3 Kg4 48. Ke4 Kh3 49. f4 Kxh2 50. f5 Kg3 51. f6 h3 52.
f7 h2 53. f8=Q h1=Q+ 54. Kxd4 Qd5+ 55. Kc3 Qxa5+ 56. Qb4 Qe5+ 57. Qd4 Qa5+ 58.
Kd3 Qf5+ 59. Kd2 Kg2 60. Qd3 Qa5+ 61. Ke3 Qc5+ 62. Ke4 Qe7+ 63. Kd4 Qd6+ 64.
Kc4 Qe7 65. Qg6+ Kf2 66. Qxc6 Qe2+ 67. Kb4 Qd2+ 68. c3 Qf4+ 69. Ka5 Qd2 70.
Kxa6 Qa2+ 71. Qa4 {#r} 1-0

[Event "Hampstead U2200 June 2013"]
[Site "Hampstead, UK"]
[Date "2013.06.29"]
[Round "1"]
[White "Weaver, Lauren"]
[Black "Joslin, Tim"]
[Result "0-1"]
[WhiteElo "1518"]
[BlackElo "1946"]
[EventRounds "5"]

1. d4 e6 2. c4 Nf6 3. Nf3 b6 4. e3 Ba6 5. Bd3 Bb4+ 6. Bd2 Be7 7. Ne5 O-O 8.
Qf3 c6 9. Nc3 Qc7 10. Qh3 d6 11. Ng4 Nbd7 12. e4 Nxg4 13. Qxg4 e5 14. d5 Nc5
15. Be2 f5 16. exf5 Bc8 17. O-O Bxf5 18. Qg3 Rf6 19. dxc6 Ne4 20. Nxe4 Bxe4
21. Rac1 Rg6 22. Qh3 Rxg2+ 23. Qxg2 Bxg2 24. Kxg2 Qxc6+ 25. Kg1 Rf8 26. Rc3
Rf6 27. Bh5 g6 28. Rg3 Kh8 29. Be2 Rf7 30. Rh3 Qe4 31. Re1 Bh4 32. Bf3 Qxc4
33. Re4 Bxf2+ 34. Kg2 Qd3 35. Kxf2 Qxe4 36. Kg2 Qc2 37. Kf2 e4 38. Ke3 Rxf3+
39. Rxf3 exf3 {#R} 0-1

[Event "Hampstead U2200 June 2013"]
[Site "Hampstead, UK"]
[Date "2013.06.29"]
[Round "1"]
[White "Sagues, Vincent"]
[Black "Hung, Dylan"]
[Result "1-0"]
[WhiteElo "1939"]
[BlackElo "1490"]
[EventRounds "5"]

1. e4 c6 2. d4 d5 3. Nc3 dxe4 4. Nxe4 Bf5 5. Ng3 Bg6 6. Nf3 Nf6 7. h4 h6 8. h5
Bh7 9. Bd3 Bxd3 10. Qxd3 e6 11. Bd2 Be7 12. O-O-O O-O 13. Ne4 Qd5 14. Nxf6+
Bxf6 15. c4 Qd7 16. g4 c5 17. Bc3 Rd8 18. d5 Bxc3 19. Qxc3 exd5 20. Rxd5 Qc7
21. Rxd8+ Qxd8 22. Rd1 Qc7 23. Qe3 Nc6 24. g5 hxg5 25. Qxg5 Rd8 26. Rg1 f6 27.
Qxf6 Qf7 28. Qxf7+ Kxf7 29. Ng5+ Kg8 30. h6 Re8 31. h7+ Kh8 32. Kd2 Nb4 33.
Re1 Rf8 34. f4 g6 35. Re7 Nc6 36. Rxb7 Rxf4 37. Nf7+ {#r} 1-0

[Event "Hampstead U2200 June 2013"]
[Site "Hampstead, UK"]
[Date "2013.06.29"]
[Round "1"]
[White "Humphries, Zak"]
[Black "Landau, Jonathan"]
[Result "0-1"]
[WhiteElo "1450"]
[BlackElo "1922"]
[EventRounds "5"]

1. e4 e5 2. d3 Nf6 3. Nc3 Bb4 4. a3 Ba5 5. g3 d5 6. b4 Bb6 7. exd5 Nxd5 8.
Nxd5 Qxd5 9. Qf3 Qd4 10. Rb1 Qc3+ 11. Kd1 Qd4 12. Bh3 Nc6 13. Bxc8 Rxc8 14.
Ne2 Qxf2 15. Qxf2 Bxf2 16. c4 Nd4 17. Rf1 Nxe2 18. Kxe2 Bd4 19. g4 O-O 20. g5
Rfe8 21. Be3 Rcd8 22. Rf3 e4 23. dxe4 Rxe4 24. Rd1 Rde8 25. Rd3 Be5 26. Rd7
Bf4 27. Kf2 Bxe3+ {#R} 0-1

[Event "Hampstead U2200 June 2013"]
[Site "Hampstead, UK"]
[Date "2013.06.29"]
[Round "1"]
[White "Dydak, Mateusz"]
[Black "Sheera, Sophia"]
[Result "1-0"]
[WhiteElo "1892"]
[BlackElo "1338"]
[EventRounds "5"]

1. f4 d5 2. Nf3 Nf6 3. g3 c5 4. Bg2 Nc6 5. O-O Bf5 6. d3 Qd7 7. Ne5 Nxe5 8.
fxe5 Ng4 9. Bf4 g5 10. Bxg5 Nxe5 11. d4 cxd4 12. Qxd4 f6 13. Bh4 Ng6 14. Nc3
Nxh4 15. Qxh4 O-O-O 16. Nxd5 Be6 17. Rad1 Qb5 18. c4 Qxb2 19. Rb1 Qd2 20. Rfd1
Qxe2 21. Qd4 Kb8 22. Re1 Qxa2 23. Qf4+ Rd6 24. Rxb7+ Kc8 25. Reb1 Kd8 26. Rb8+
Bc8 27. Bh3 Rc6 28. Bxc8 Rxc8 29. Rxc8+ Kxc8 30. Qc7# 1-0

[Event "Hampstead U2200 June 2013"]
[Site "Hampstead, UK"]
[Date "2013.06.29"]
[Round "1"]
[White "Lovell, William"]
[Black "Neatherway, A Philip"]
[Result "0-1"]
[WhiteElo "1322"]
[BlackElo "1863"]
[EventRounds "5"]

1. e4 c5 2. Nc3 Nc6 3. f4 g6 4. Nf3 Bg7 5. Bc4 e6 6. d3 Nge7 7. O-O Na5 8. Bb3
Nxb3 9. axb3 O-O 10. Qe1 d5 11. Qh4 Nc6 12. Qg3 Nd4 13. Ne1 b5 14. Rf2 Bb7 15.
Ne2 dxe4 16. dxe4 Bxe4 17. Nd3 Nxb3 18. cxb3 Qxd3 19. Qxd3 Bxd3 20. Be3 Rfc8
21. Nc3 c4 22. Nxb5 cxb3 23. Bxa7 Bxb5 24. Rd2 Rc2 25. Rd6 Bxb2 26. Ra5 Bc4
{#R} 0-1

[Event "Hampstead U2200 June 2013"]
[Site "Hampstead, UK"]
[Date "2013.06.29"]
[Round "1"]
[White "Minguez, Iluminada"]
[Black "Gergelova, Monika"]
[Result "1-0"]
[WhiteElo "1860"]
[BlackElo "1297"]
[EventRounds "5"]

1. c4 Nc6 2. g3 e5 3. Bg2 Nf6 4. Nc3 Bc5 5. e3 d6 6. Nge2 Be6 7. b3 d5 8. cxd5
Nxd5 9. a3 a5 10. O-O O-O 11. Qc2 Qd7 12. Nxd5 Bxd5 13. Qxc5 Bxg2 14. Kxg2 Qd3
15. Qc4 Qd7 16. Rd1 Rfe8 17. Bb2 Re6 18. d4 Rh6 19. h4 e4 20. Rh1 Qg4 21. Ng1
Re8 22. Qe2 Qe6 23. Qd1 Qd5 24. Rc1 b6 25. Qc2 Ree6 26. Qc4 Rd6 27. Qxd5 Rxd5
28. Ne2 f5 29. Nf4 Rb5 30. Rc3 Rf6 31. a4 Rb4 32. Ba3 Rf7 33. Rxc6 Rxb3 34.
Ra1 b5 35. axb5 Rxb5 36. Ne6 Rb7 {#r} 1-0

[Event "Hampstead U2200 June 2013"]
[Site "Hampstead, UK"]
[Date "2013.06.29"]
[Round "1"]
[White "Dwarakanathan, Srinidhi"]
[Black "Klingher, Bernard"]
[Result "1-0"]
[WhiteElo "1218"]
[BlackElo "1034"]
[EventRounds "5"]

1. e4 e6 2. d4 d5 3. e5 c5 4. c3 Nc6 5. Nf3 Bd7 6. Be2 Qb6 7. Na3 Nge7 8. Nb5
Nf5 9. dxc5 Bxc5 10. O-O O-O 11. Bd2 d4 12. cxd4 Nfxd4 13. Nbxd4 Nxd4 14. Nxd4
Bxd4 15. Bf4 Qxb2 16. Rb1 Qc3 17. Rxb7 Bc6 18. Rc7 Rfd8 19. Bd2 Qc5 20. Bh5
Qxe5 21. Rxc6 g6 22. Bf3 Rac8 23. Rxc8 Rxc8 24. g3 Rd8 25. Qc2 Qc5 26. Qxc5
Bxc5 27. Rd1 f5 28. Kg2 Kf7 29. Bg5 Rxd1 30. Bxd1 e5 31. f3 e4 32. Be2 exf3+
33. Kxf3 Bd6 34. Ke3 Ke6 35. Kd3 Kd5 36. Bf3+ Ke6 37. Kc4 Kf7 38. Kb5 Kg7 39.
Ka6 h6 40. Be3 g5 41. Kxa7 f4 42. gxf4 gxf4 43. Bd4+ Kg6 44. a4 {#r} 1-0

[Event "Hampstead U2200 June 2013"]
[Site "Hampstead, UK"]
[Date "2013.06.29"]
[Round "1"]
[White "Hernandez Castro, Julio"]
[Black "Byrne, Ken J"]
[Result "1-0"]
[WhiteElo "1836"]
[BlackElo "1194"]
[EventRounds "5"]

1. Nf3 d6 2. g3 g6 3. Bg2 Bg4 4. h3 Bxf3 5. Bxf3 c6 6. d4 Bg7 7. e4 Nd7 8. O-O
c5 9. c3 c4 10. Na3 Qc7 11. Be3 a6 12. Qd2 b5 13. e5 Rb8 14. exd6 exd6 15. Bg5
Ndf6 16. Rfe1+ Ne7 17. Qf4 O-O 18. Bxf6 Bxf6 19. Qxf6 Nf5 20. g4 Ng7 21. Re7
Qd8 22. Bd5 Ne6 23. Bxe6 fxe6 24. Qg7# 1-0

[Event "Hampstead U2200 June 2013"]
[Site "Hampstead, UK"]
[Date "2013.06.29"]
[Round "1"]
[White "Tomy, Jeff"]
[Black "Pinzhenin, Alexsei"]
[Result "0-1"]
[WhiteElo "1170"]
[BlackElo "1828"]
[EventRounds "5"]

1. e4 c6 2. d4 d5 3. f3 dxe4 4. fxe4 e5 5. Nf3 Bg4 6. Be2 Bxf3 7. Bxf3 exd4 8.
Bf4 Bb4+ 9. Kf1 Ne7 10. Be5 Bc5 11. Bxg7 Rg8 12. Be5 Ng6 13. c3 Nxe5 14. cxd4
Qxd4 15. Qe2 Nxf3 16. Qxf3 Qxb2 {#R} 0-1

[Event "Hampstead U2200 June 2013"]
[Site "Hampstead, UK"]
[Date "2013.06.29"]
[Round "2"]
[White "Rahman, K Azizur"]
[Black "Ruperez, Miguel Angel"]
[Result "0-1"]
[WhiteElo "1986"]
[BlackElo "2187"]
[EventRounds "5"]

1. c4 c6 2. Nc3 d5 3. d4 Nf6 4. Nf3 a6 5. e3 b5 6. b3 Bg4 7. Be2 e6 8. Bd2
Nbd7 9. O-O Bd6 10. h3 Bh5 11. Qc2 O-O 12. a3 Rc8 13. Rfe1 Bb8 14. g3 bxc4 15.
bxc4 dxc4 16. Qa4 c5 17. g4 cxd4 18. exd4 Bg6 19. Qxa6 Ne4 20. Nxe4 Bxe4 21.
Ng5 Qc7 22. f4 Bb7 23. Qa4 c3 24. Qc2 Nf6 25. Bc1 h6 26. Nf3 Ba7 27. Be3 Nd5
28. Qc1 Rfd8 29. g5 hxg5 30. Bf2 Nxf4 31. Nxg5 Nxe2+ 32. Rxe2 Qc6 33. d5 Bxf2+
34. Rxf2 Qxd5 35. Kh2 Qe5+ 36. Qf4 Qxf4+ 37. Rxf4 c2 38. Rff1 Rd2+ 39. Kg3
Rc3+ 40. Kf4 Rd4+ 41. Ke5 Rd5+ {#R} 0-1

[Event "Hampstead U2200 June 2013"]
[Site "Hampstead, UK"]
[Date "2013.06.29"]
[Round "2"]
[White "Joslin, Tim"]
[Black "Perez Carballo, Manuel"]
[Result "0-1"]
[WhiteElo "1946"]
[BlackElo "2143"]
[EventRounds "5"]

1. e4 c5 2. c3 d5 3. exd5 Qxd5 4. d4 Nc6 5. Nf3 Bg4 6. Be2 e6 7. O-O cxd4 8.
cxd4 Nf6 9. Nc3 Qd8 10. Qa4 Be7 11. Bg5 O-O 12. Rfd1 Nd5 13. Bxe7 Ncxe7 14.
Rac1 Nf4 15. Qc2 Rc8 16. Qe4 Nxe2+ 17. Nxe2 Bxf3 18. Qxf3 Qb6 19. Qa3 Nd5 20.
Rc5 Rcd8 21. Nc3 a6 22. Nxd5 Rxd5 23. Rxd5 exd5 24. Qc5 Qxb2 25. Qxd5 Re8 26.
g3 g6 27. Qb3 Re2 28. d5 Qxb3 29. axb3 Re7 30. Kg2 Kf8 31. Kf3 Ke8 32. Rd4 Kd7
33. Re4 Rxe4 34. Kxe4 Kd6 35. b4 b6 36. f4 f5+ 37. Kd4 a5 38. Kc4 axb4 39.
Kxb4 Kxd5 40. Kb5 Ke4 41. Kxb6 Kf3 {#R} 0-1